| 000 | 00627ntm a22002297a 4500 | ||
|---|---|---|---|
| 005 | 20180803150350.0 | ||
| 008 | 180124b xxu||||| |||| 00| 0 spa d | ||
| 041 | _aspa | ||
| 082 | _a617.692 P924f | ||
| 100 |
_aPreiskel, Harold _948900 |
||
| 245 | _aFácil ejecución de sobredentaduras soportadas por implantes y raíces | ||
| 260 | _aEspaña | ||
| 260 | _bESPAXS | ||
| 260 | _c1998 | ||
| 300 | _a248 páginas | ||
| 650 |
_aIMPLANTES DENTALES _948901 |
||
| 650 |
_aSOBREDENTADURAS _948902 |
||
| 650 |
_aTÉCNICAS DE IMPRESIÓN _948903 |
||
| 650 |
_aTRATAMIENTO _9296 |
||
| 650 |
_aMANTENIMIENTO _9757 |
||
| 942 | _cBK | ||
| 999 |
_c10958 _d10958 |
||